A Sameday Magyarországon
| Main Author: | |
|---|---|
| Other Authors: | |
| Format: | Project work |
| Kulcsszavak: | cégműködés Futárszolgálat innováció logisztika raktározás |
| Online Access: | http://dolgozattar.uni-bge.hu/59718 |
MARC
| LEADER | 00000nnm a2200000 i 4500 | ||
|---|---|---|---|
| 001 | dolg59718 | ||
| 005 | 20260409145454.0 | ||
| 008 | 260409suuuu hu o 000 hun d | ||
| 040 | |a BGE Dolgozattár Repozitórium |b hun | ||
| 041 | |a hu | ||
| 100 | 1 | |a Kovács Vivien Ivett | |
| 245 | 1 | 2 | |a A Sameday Magyarországon |c Kovács Vivien Ivett |h [elektronikus dokumentum] |
| 516 | |a Project_work | ||
| 520 | 3 | |a A Sameday célja, hogy a lehető leggyorsabb és legmegbízhatóbb logisztikai szolgáltatásokat nyújtsa, figyelembe véve a modern fogyasztói elvárásokat, amelyek a gyorsaságot, a pontos szállítást és az átláthatóságot helyezik előtérbe. Mindezeket a cég a folyamatosan fejlesztett infrastruktúrával, a korszerű informatikai rendszerekkel és a szakképzett munkatársakkal valósítja meg.Összességében a Sameday választása a szakdolgozatom témájaként nemcsak a személyes tapasztalataim miatt indokolt, hanem azért is, mert a cég működése és a logisztika területén szerzett tudásom hozzájárul ahhoz, hogy átfogó képet nyújtsak a modern futárszolgáltatások világáról. A Sameday-nél szerzett tapasztalataim révén képes vagyok bemutatni a logisztikai folyamatok összetettségét és fontosságát. | |
| 695 | |a cégműködés | ||
| 695 | |a Futárszolgálat | ||
| 695 | |a innováció | ||
| 695 | |a logisztika | ||
| 695 | |a raktározás | ||
| 700 | 1 | |a Bányai Dr. Kornél |e ths | |
| 856 | 4 | 0 | |u http://dolgozattar.uni-bge.hu/59718/1/A%20Sameday%20Magyarorsz%C3%A1gon.pdf |z Dokumentum-elérés |
| 856 | 4 | 0 | |u http://dolgozattar.uni-bge.hu/59718/2/Kov%C3%A1cs_Vivien_Ivett_FOSZK_b%C3%ADr%C3%A1lat.pdf |z Dokumentum-elérés |